[Event "EU-ch U16 Girls 19th"]
[Site "Fermo"]
[Date "2009.09.08"]
[Round "8"]
[White "Warmelink, Evie"]
[Black "Uusitupa, Erika"]
[Result "1-0"]
[WhiteElo "1921"]
[BlackElo "1691"]
[PlyCount "91"]
[EventDate "2009.08.31"]
[EventType "swiss"]
[EventRounds "9"]
[EventCountry "ITA"]
[SourceTitle "CBM 132 Extra"]
[Source "ChessBase"]
[SourceDate "2009.11.03"]
[SourceVersion "1"]
[SourceVersionDate "2009.11.03"]
[SourceQuality "1"]

1. e4 c5 2. Nc3 Nc6 3. g3 g6 4. Bg2 Bg7 5. d3 d6 6. f4 e6 7. Nf3 Nge7 8. 0-0 0-0 9. Be3 b6 10. d4 Ba6 11. Re1 Qc7 12. Qd2 Na5 13. Bf2 Rac8 14. Ne2 Rfd8 15. c3 d5 16. e5 Nc4 17. Qc2 Nf5 18. Qc1 Bf8 19. g4 Ng7 20. Bg3 Na5 21. Bh3 h5 22. gxh5 Nxh5 23. Bh4 Be7 24. Ng5 Ng7 25. Qe3 Nc4 26. Qf3 Nxb2 27. f5 Nxf5 28. Bxf5 exf5 29. Nf4 Re8 30. Nxd5 Qc6 31. Nxe7+ Rxe7 32. d5 Qe8 33. Nh7 Qd8 34. d6 Bb7 35. dxe7 Bxf3 36. exd8Q+ Rxd8 37. Bxd8 Kxh7 38. Re3 Bh5 39. e6 fxe6 40. Rxe6 f4 41. Bg5 Nd3 42. Rd6 c4 43. Rd7+ Kg8 44. Rxa7 f3 45. Bh4 Bg4 46. Rb1 1-0

[Event "EU-ch U16 Girls 19th"]
[Site "Fermo"]
[Date "2009.09.01"]
[Round "2"]
[White "Messina, Roberta"]
[Black "Uusitupa, Erika"]
[Result "0-1"]
[WhiteElo "1900"]
[BlackElo "1691"]
[PlyCount "102"]
[EventDate "2009.08.31"]
[EventType "swiss"]
[EventRounds "9"]
[EventCountry "ITA"]
[SourceTitle "CBM 132 Extra"]
[Source "ChessBase"]
[SourceDate "2009.11.03"]
[SourceVersion "1"]
[SourceVersionDate "2009.11.03"]
[SourceQuality "1"]

1. e4 c5 2. Nf3 d6 3. d4 cxd4 4. Qxd4 a6 5. c4 Nc6 6. Qd2 Nf6 7. Nc3 g6 8. b3 Bg7 9. Bb2 0-0 10. Be2 Qa5 11. Rb1 Rd8 12. 0-0 Ne5 13. Rfd1 Bg4 14. Nxe5 dxe5 15. Qc2 Bxe2 16. Nxe2 e6 17. Bc3 Qc5 18. Ng3 Nd7 19. Rd3 Qc7 20. Rbd1 Nf8 21. Qb2 f6 22. Qd2 Rxd3 23. Qxd3 f5 24. Bb4 Bf6 25. Qd6 Qxd6 26. Rxd6 Rd8 27. Rb6 Rd7 28. exf5 gxf5 29. Bxf8 Kxf8 30. Rxe6 Kf7 31. Rb6 f4 32. Nf1 e4 33. g3 e3 34. fxe3 fxe3 35. Rxf6+ Kxf6 36. Nxe3 Rd3 37. Nd5+ Ke5 38. Nf4 Rd1+ 39. Kf2 Rd2+ 40. Ke3 Rxa2 41. Nd3+ Kd6 42. c5+ Kc7 43. h4 a5 44. Kf4 Rd2 45. Ke3 Rg2 46. Kf3 Rc2 47. Ke3 Rc3 48. Kd2 Rxb3 49. Kc2 Ra3 50. g4 Ra4 51. Ne5 Re4 0-1

[Event "EU-ch U16 Girls 19th"]
[Site "Fermo"]
[Date "2009.08.31"]
[Round "1"]
[White "Uusitupa, Erika"]
[Black "Petrova, Irina"]
[Result "0-1"]
[WhiteElo "1691"]
[BlackElo "1987"]
[PlyCount "138"]
[EventDate "2009.08.31"]
[EventType "swiss"]
[EventRounds "9"]
[EventCountry "ITA"]
[SourceTitle "CBM 132 Extra"]
[Source "ChessBase"]
[SourceDate "2009.11.03"]
[SourceVersion "1"]
[SourceVersionDate "2009.11.03"]
[SourceQuality "1"]

1. e4 c5 2. Nf3 e6 3. d4 cxd4 4. Nxd4 Nc6 5. Nc3 d6 6. Be2 Nf6 7. 0-0 Be7 8. Kh1 0-0 9. f4 a6 10. Be3 Qc7 11. Qe1 Nxd4 12. Bxd4 e5 13. fxe5 dxe5 14. Qg3 Bd6 15. Rxf6 exd4 16. Qxd6 Qxd6 17. Rxd6 dxc3 18. bxc3 Be6 19. c4 Rac8 20. Rd4 Rc5 21. Rb1 Ra5 22. Rb2 g6 23. Kg1 Rc8 24. Kf2 Rc7 25. Ke3 Rac5 26. Rb4 Kg7 27. c3 Ra5 28. a4 Rac5 29. Kd2 Re5 30. Kd3 Ra5 31. Rd6 Rac5 32. Kd4 Bc8 33. Rd5 R5c6 34. a5 Be6 35. Rd8 Rc5 36. Rb8 Bc8 37. R8xb7 Bxb7 38. Rxb7 Rc8 39. Rb8 Rxc4+ 40. Bxc4 Rxb8 41. Kc5 Rc8+ 42. Kb4 Rc6 43. Bd5 Rc8 44. c4 Kf6 45. c5 Ke5 46. Kc4 Rb8 47. Bc6 Rb1 48. Ba4 Rb2 49. c6 Kd6 50. e5+ Kc7 51. Kc5 Rxg2 52. Bb3 Rg5 53. Kd4 Rf5 54. Bd5 h5 55. Be4 Rf4 56. e6 fxe6 57. Ke5 Rxe4+ 58. Kxe4 Kxc6 59. Ke5 Kb5 60. h4 Kxa5 61. Kxe6 Kb5 62. Kf6 a5 63. Kxg6 a4 64. Kxh5 a3 65. Kg6 a2 66. h5 a1Q 67. Kh7 Qf6 68. h6 Qf8 69. Kg6 Qh8 0-1

[Event "Olympiad Women-38"]
[Site "Dresden"]
[Date "2008.11.15"]
[Round "3"]
[White "Uusitupa, Erika"]
[Black "Pertlova, Sona"]
[Result "0-1"]
[WhiteElo "1702"]
[BlackElo "2239"]
[PlyCount "74"]
[EventDate "2008.11.13"]
[EventType "team-swiss"]
[EventRounds "11"]
[EventCountry "GER"]
[SourceTitle "CBM 128"]
[Source "ChessBase"]
[SourceDate "2009.01.28"]
[SourceVersion "1"]
[SourceVersionDate "2009.01.28"]
[SourceQuality "1"]
[WhiteTeam "Finland (W)"]
[BlackTeam "Czech Republic (W)"]
[WhiteTeamCountry "FIN"]
[BlackTeamCountry "CZE"]

1. e4 c5 2. Nf3 e6 3. d4 cxd4 4. Nxd4 Nc6 5. Be3 Nf6 6. Nd2 Be7 7. Be2 0-0 8. 0-0 d5 9. exd5 Nxd5 10. Nxc6 bxc6 11. Bd4 Nf4 12. Nb3 Nxe2+ 13. Qxe2 Qc7 14. Qe5 Qxe5 15. Bxe5 Rd8 16. Rfd1 Rd5 17. Bc7 Ba6 18. f3 Rc8 19. Bf4 h6 20. Be3 c5 21. Rxd5 exd5 22. Rd1 d4 23. Bf2 Bb5 24. c3 d3 25. Rd2 Bg5 26. Rd1 d2 27. h4 Be2 28. hxg5 Bxd1 29. Nxd2 hxg5 30. Ne4 c4 31. Nxg5 a5 32. Bb6 a4 33. Ne4 Rb8 34. Bc5 Rxb2 35. a3 Bc2 36. Nd6 Bd3 37. Bb4 Rxb4 0-1

[Event "EU-ch U16 Girls 18th"]
[Site "Herceg Novi"]
[Date "2008.09.15"]
[Round "1"]
[White "Uusitupa, Erika"]
[Black "Veretennikova, Daria"]
[Result "0-1"]
[WhiteElo "1696"]
[BlackElo "2002"]
[PlyCount "76"]
[EventDate "2008.09.15"]
[EventType "swiss"]
[EventRounds "9"]
[EventCountry "MNE"]
[SourceTitle "CBM 126 Extra"]
[Source "ChessBase"]
[SourceDate "2008.11.05"]
[SourceVersion "1"]
[SourceVersionDate "2008.11.05"]
[SourceQuality "1"]

1. e4 d6 2. d4 Nf6 3. Nc3 e5 4. dxe5 dxe5 5. Qxd8+ Kxd8 6. Bc4 Be6 7. Bxe6 fxe6 8. Bd2 a6 9. f3 Bd6 10. 0-0-0 Ke7 11. Nh3 Nbd7 12. Be3 b5 13. a4 Rhb8 14. axb5 axb5 15. Kd2 b4 16. Ne2 Ra2 17. b3 Bc5 18. Rc1 Rb6 19. Bxc5+ Nxc5 20. Nf2 Nxb3+ 21. Kd3 Nxc1+ 22. Nxc1 Rd6+ 23. Ke3 Rxc2 24. Ncd3 Nd7 25. Nxb4 Rc3+ 26. Ke2 c5 27. Nbd3 Rc2+ 28. Ke1 c4 29. Nb4 Rc1+ 30. Ke2 Rxh1 31. Nxh1 Nc5 32. Ng3 c3 33. Nf1 Nb3 34. Ne3 Nd4+ 35. Ke1 Rd7 36. h3 h6 37. Kf2 c2 38. Na2 Nb3 0-1

[Event "FIN-ch (Women)"]
[Site "Mantta"]
[Date "2008.06.??"]
[Round "?"]
[White "Puuska, Heini"]
[Black "Uusitupa, Erika"]
[Result "1/2-1/2"]
[WhiteElo "2013"]
[BlackElo "1646"]
[PlyCount "88"]
[EventDate "2008.06.??"]
[EventType "tourn"]
[EventRounds "3"]
[EventCountry "FIN"]
[SourceTitle "EXT 2009"]
[Source "ChessBase"]
[SourceDate "2008.11.26"]
[SourceVersion "1"]
[SourceVersionDate "2008.11.26"]
[SourceQuality "1"]

1. d4 Nf6 2. Nf3 g6 3. Nc3 Bg7 4. e4 d6 5. Be3 c6 6. h3 b5 7. Bd3 a6 8. Ne2 Nbd7 9. c3 c5 10. Ng3 Bb7 11. 0-0 h5 12. Ng5 0-0 13. f4 Nh7 14. Nxh7 Kxh7 15. e5 cxd4 16. cxd4 Rh8 17. Nxh5 Kg8 18. Nxg7 Kxg7 19. exd6 exd6 20. f5 Nf6 21. Bg5 Rh5 22. h4 Rxg5 23. hxg5 Nh5 24. Qg4 Bd5 25. b3 Rc8 26. Rac1 Rc7 27. f6+ Kg8 28. Rfe1 Be6 29. Qf3 Qd7 30. Rxc7 Qxc7 31. Rxe6 fxe6 32. Bxg6 Qc1+ 33. Kh2 Qf4+ 34. Qxf4 Nxf4 35. Be8 Ne2 36. d5 exd5 37. Bd7 Kf7 38. g4 d4 39. Kg2 Nc3 40. Bf5 Nxa2 41. Kf2 a5 42. Ke1 a4 43. bxa4 bxa4 44. Bc2 Nc3 1/2-1/2

[Event "FIN-ch (Women)"]
[Site "Mantta"]
[Date "2008.06.??"]
[Round "?"]
[White "Uusitupa, Erika"]
[Black "Walta, Paivi"]
[Result "1-0"]
[WhiteElo "1646"]
[BlackElo "1847"]
[PlyCount "129"]
[EventDate "2008.06.??"]
[EventType "tourn"]
[EventRounds "3"]
[EventCountry "FIN"]
[SourceTitle "EXT 2009"]
[Source "ChessBase"]
[SourceDate "2008.11.26"]
[SourceVersion "1"]
[SourceVersionDate "2008.11.26"]
[SourceQuality "1"]

1. e4 c5 2. Nf3 g6 3. d4 Bg7 4. dxc5 Qa5+ 5. c3 Qxc5 6. Be3 Qc7 7. Nbd2 Nc6 8. Bd3 Nf6 9. Nb3 0-0 10. 0-0 d6 11. h3 a6 12. Qd2 Rd8 13. Bf4 Nd7 14. Qe3 Nde5 15. Nxe5 Nxe5 16. Rfd1 Bd7 17. Bh6 Bh8 18. f4 Nxd3 19. Rxd3 Bb5 20. Rd2 Rac8 21. Nd4 Bd7 22. Bg5 Re8 23. Rad1 Qa5 24. a3 Ba4 25. Rc1 Qc5 26. Nc2 Qc7 27. Nb4 Bc6 28. Nd5 Bxd5 29. exd5 Qc4 30. Qe2 Qc5+ 31. Qf2 Qb5 32. Qe2 Qd7 33. c4 b5 34. b3 bxc4 35. Rxc4 Rb8 36. b4 Qa4 37. Qd3 a5 38. bxa5 Qxa5 39. a4 Bg7 40. f5 Rb4 41. fxg6 hxg6 42. Rxb4 Qxb4 43. Qb5 Rb8 44. Qxb4 Rxb4 45. Bxe7 Be5 46. a5 Ra4 47. Bd8 Bc3 48. Rc2 Bxa5 49. Bf6 Bb6+ 50. Kh2 Bc5 51. Rb2 Ra8 52. Rb7 Re8 53. Kg3 Be3 54. Be7 Bc5 55. Rd7 Bd4 56. Kf3 Be5 57. Bxd6 Bf6 58. Rb7 Kg7 59. Rb8 Rxb8 60. Bxb8 Bd8 61. d6 Kf6 62. Bc7 Ke6 63. Bxd8 Kxd6 64. Kf4 Ke6 65. Ke4 1-0

[Event "Nordic-ch U20 Girls"]
[Site "Haraldsheim"]
[Date "2008.04.20"]
[Round "5"]
[White "Fransson, Angelina"]
[Black "Uusitupa, Erika"]
[Result "1/2-1/2"]
[WhiteElo "1644"]
[BlackElo "1643"]
[PlyCount "24"]
[EventDate "2008.04.18"]
[EventType "team-tourn"]
[EventRounds "9"]
[EventCountry "NOR"]
[SourceTitle "CBM 123 Extra"]
[Source "ChessBase"]
[SourceDate "2008.05.06"]
[SourceVersion "1"]
[SourceVersionDate "2008.05.06"]
[SourceQuality "1"]

1. e4 d6 2. d4 Nf6 3. Nc3 g6 4. Be3 Bg7 5. h3 0-0 6. Qd2 Nbd7 7. Nf3 e5 8. d5 Re8 9. Be2 Nc5 10. Bxc5 dxc5 11. 0-0 a6 12. Qe3 Qd6 1/2-1/2

[Event "Nordic-ch U20 Girls"]
[Site "Haraldsheim"]
[Date "2008.04.20"]
[Round "4"]
[White "Uusitupa, Erika"]
[Black "Thorsteinsdottir, Hallgerdur"]
[Result "1/2-1/2"]
[WhiteElo "1643"]
[BlackElo "1906"]
[PlyCount "83"]
[EventDate "2008.04.18"]
[EventType "team-tourn"]
[EventRounds "9"]
[EventCountry "NOR"]
[SourceTitle "CBM 123 Extra"]
[Source "ChessBase"]
[SourceDate "2008.05.06"]
[SourceVersion "1"]
[SourceVersionDate "2008.05.06"]
[SourceQuality "1"]

1. e4 c6 2. d4 d5 3. Bd3 dxe4 4. Bxe4 Nf6 5. Bf3 Bf5 6. Bf4 e6 7. Ne2 Be7 8. 0-0 0-0 9. c3 Nbd7 10. Qb3 Nb6 11. Nd2 Qd7 12. Nc4 Nxc4 13. Qxc4 Nd5 14. Be5 Bc2 15. Nc1 Bg5 16. Qe2 Bg6 17. Nd3 Rfd8 18. Nc5 Qe7 19. Be4 Rac8 20. Bxg6 hxg6 21. Ne4 Bf6 22. Bxf6 gxf6 23. Rfe1 Kg7 24. Qc4 b6 25. a4 a5 26. Rad1 Rh8 27. g3 Rh5 28. Kg2 Qd7 29. h4 e5 30. dxe5 fxe5 31. f3 Ne3+ 32. Rxe3 Qxd1 33. Ng5 Qd5 34. Qxd5 cxd5 35. Rxe5 d4 36. cxd4 Rc2+ 37. Kh3 Rxb2 38. Re7 Rb4 39. Rxf7+ Kg8 40. Rb7 Rxa4 41. Rxb6 Rh6 42. d5 1/2-1/2